| 000 | 02356nam a22003617a 4500 | ||
|---|---|---|---|
| 001 | 100903 | ||
| 003 | KnowledgeUnlatched | ||
| 005 | 20210303105252.0 | ||
| 006 | m o d | ||
| 007 | cr u|||||||||| | ||
| 008 | 210129p20142019xxk o u00| u eng d | ||
| 037 | _5BiblioBoard | ||
| 245 | 0 | 0 |
_aColonial Caring _bA History of Colonial and Post-colonial Nursing / _cSue Hawkins, Helen Sweet. |
| 020 | _a9781526129369 | ||
| 029 | 1 | _ahttps://library.biblioboard.com/ext/api/media/2fa7f2c2-6913-45b1-b284-c208c0242d54/assets/thumbnail.jpg | |
| 040 |
_aScCtBLL _cScCtBLL |
||
| 506 | 0 |
_aAccess copy available to the general public. _fUnrestricted _2star |
|
| 700 | 1 |
_aHawkins, Sue _eeditor. |
|
| 700 | 1 |
_aSweet, Helen _eeditor. |
|
| 264 | 1 | _bManchester University Press, | |
| 300 | _a1 online resource (265 p.) | ||
| 520 | _aFrom the height of colonialism in the mid-nineteenth century, through to the aftermath of the Second World War, nurses have been at the heart of colonial projects. They were ideally placed to insinuate the ‘improving' culture of their employers into the local communities they served, and travelled in droves to far-flung parts of the globe to serve their country. Issues of gender, class and race permeate this book, as the complex relationships between nurses, their medical colleagues, governments and the populations they nursed are examined in detail, using case studies which draw on exciting new sources. Many of the chapters are based on first-hand accounts of nurses and reveal that not all were motivated by patriotic vigour or altruism, but went out in search of adventure. The book will be an essential read for colonial historians, as well as historians of gender and ethnicity. | ||
| 588 | 0 | _aDescription based on print version record. | |
| 590 | _aKU Select 2017: Backlist Collection | ||
| 650 | 7 |
_aMedical / History _2bisacsh |
|
| 650 | 0 | _aMedicine | |
| 655 | 0 | _aElectronic books. | |
| 758 |
_iIs found in: _aKnowledge Unlatched _1https://openresearchlibrary.org/module/2774bc74-146a-484f-a7ba-ab1d6a09bbfb |
||
| 856 | 4 | 0 |
_uhttps://openresearchlibrary.org/content/2fa7f2c2-6913-45b1-b284-c208c0242d54 _zView this content on Open Research Library. _70 |
| 999 |
_c34030 _d34030 |
||